| 000 | 00708nam a2200229Ia 4500 | ||
|---|---|---|---|
| 003 | OSt | ||
| 005 | 20220615125947.0 | ||
| 008 | 210716s2010 xx 000 0 und d | ||
| 020 | _a9788122428131 | ||
| 040 | _cAIMIT LIBRARY | ||
| 041 | _aeng | ||
| 082 |
_a511.42 _21 _bDUKR |
||
| 100 |
_aDukkipati, Rao V. _942658 |
||
| 245 |
_aNumerical methods / _cBy Rao V Dukkipati. |
||
| 250 | _a1st ed. | ||
| 260 |
_aNew Delhi : _bNew Age International Pvt Ltd , _c2010. |
||
| 300 |
_axvi,352p. ; _c24 cm. |
||
| 650 |
_aNumerical computations _942659 |
||
| 650 |
_aLinear system of equations _942660 |
||
| 650 |
_aNumerical solution of ordinary differential equations _942661 |
||
| 942 |
_2ddc _cBK _e1st _k511.42 DUKR |
||
| 999 |
_c192008 _d192008 |
||